[Event "32nd ECC Open 2016"]
[Site "Novi Sad SRB"]
[Date "2016.11.08"]
[Round "3.26"]
[Board "3"]
[White "Lambrechts, Koen"]
[Black "Pedersen, Nicolai Vesterbaek"]
[Result "1/2-1/2"]
[BlackTitle "IM"]
[WhiteElo "2284"]
[BlackElo "2377"]
[WhiteTeam "JSV SISSA"]
[BlackTeam "Nordea Skanderborg"]
[WhiteFideId "1027123"]
[BlackFideId "1402340"]
[EventDate "2016.11.06"]

1. e4 c5 2. Nf3 d6 3. d4 cxd4 4. Nxd4 Nf6 5. Nc3 a6 6. Bg5 Nbd7 7. f4 e5 8. Nf3
Qc7 9. Qd2 h6 10. Bxf6 Nxf6 11. O-O-O Be7 12. Kb1 O-O 13. f5 d5 14. exd5 e4 15.
d6 Bxd6 16. Qxd6 Qxd6 17. Rxd6 exf3 18. gxf3 Bxf5 19. Rg1 Rfe8 20. Bd3 Bxd3 21.
cxd3 Re6 22. Rxe6 fxe6 23. Ne4 Nxe4 24. fxe4 Rd8 25. Kc2 Kf7 26. Kd2 g5 27. Rc1
Rd7 28. Ke3 e5 29. Rc8 h5 30. a4 g4 31. b4 Kf6 32. Rb8 Kg6 33. Re8 Kf6 34. Rh8
Kg6 35. Re8 Kf6 36. Rh8 1/2-1/2

[Event "32nd ECC Open 2016"]
[Site "Novi Sad SRB"]
[Date "2016.11.08"]
[Round "3.26"]
[Board "4"]
[White "Grove, Peter"]
[Black "Hummel, Erik-Jan"]
[Result "1/2-1/2"]
[BlackTitle "FM"]
[WhiteElo "2170"]
[BlackElo "2280"]
[WhiteTeam "Nordea Skanderborg"]
[BlackTeam "JSV SISSA"]
[WhiteFideId "1411101"]
[BlackFideId "1009028"]
[EventDate "2016.11.06"]

1. e4 e6 2. d4 d5 3. Nc3 Bb4 4. exd5 exd5 5. Bd3 Nf6 6. Ne2 O-O 7. O-O Re8 8.
Ng3 Nc6 9. Bg5 Be7 10. Re1 Nxd4 11. Bxf6 Bxf6 12. Rxe8+ Qxe8 13. Qh5 g6 14. Nxd5
Bd8 15. Qd1 Qe5 16. Ne3 Bf6 17. c3 Nc6 18. Qb3 Na5 19. Qa4 Be6 20. Ng4 Bxg4 21.
Qxg4 Rd8 22. Qf3 Bg7 23. Nf1 Qe6 24. Qe2 Qxe2 25. Bxe2 b6 26. Rc1 Bh6 27. Rc2
Kf8 28. g3 Ke7 29. f4 Ke6 30. Ne3 Ke7 31. Kf2 Nb7 32. Bf3 c6 33. Bxc6 Nc5 34. b4
Ne6 35. Bf3 Bg7 36. Nd5+ Kf8 37. Ke3 Rc8 38. Kd3 Nc7 39. Nxc7 Rxc7 40. c4 Bf6
41. c5 Be7 42. cxb6 Rd7+ 43. Kc4 axb6 44. Kb5 Bd8 45. a4 Rd3 46. Bc6 Rb3 47. Bd5
Rd3 48. Bc4 Rd1 49. Ba2 Rd6 50. Rc8 Ke8 51. a5 bxa5 52. bxa5 Rd2 53. Bb3 Rd3 54.
Bc4 Ra3 55. a6 Kd7 56. Rb8 Ra1 57. Rb7+ Bc7 58. Kc5 Kc8 59. Rb2 Bb8 60. Re2 Kd8
61. Bb5 Ba7+ 62. Kc6 Rb1 63. Re5 Bb8 64. Re3 Ba7 65. Rd3+ Kc8 66. Bc4 Rb6+ 67.
Kd5 Kc7 68. Ke4 Rb4 69. Kd5 1/2-1/2

[Event "32nd ECC Open 2016"]
[Site "Novi Sad SRB"]
[Date "2016.11.08"]
[Round "3.26"]
[Board "5"]
[White "Ten Vergert, Paul"]
[Black "Jessen, Claus Qvist"]
[Result "1/2-1/2"]
[WhiteTitle "CM"]
[WhiteElo "2210"]
[BlackElo "1952"]
[WhiteTeam "JSV SISSA"]
[BlackTeam "Nordea Skanderborg"]
[WhiteFideId "1021249"]
[BlackFideId "1423681"]
[EventDate "2016.11.06"]

1. e4 d6 2. d4 Nf6 3. Nc3 g6 4. f3 Bg7 5. Be3 O-O 6. Qd2 e5 7. O-O-O exd4 8.
Bxd4 Nc6 9. Be3 Be6 10. g4 a6 11. Bh6 b5 12. h4 Re8 13. Bxg7 Kxg7 14. h5 Qe7 15.
Nh3 Ne5 16. Be2 Bc4 17. f4 Nexg4 18. hxg6 fxg6 19. Rdg1 Bxe2 20. Qxe2 h5 21. Ng5
Rh8 22. Re1 Rae8 23. Qd2 c6 24. f5 Ne5 25. Ne6+ Kf7 26. Qf4 Reg8 27. Ng5+ Ke8
28. Ne2 Nfg4 29. Ne6 g5 30. Qg3 h4 31. Qg2 1/2-1/2

[Event "32nd ECC Open 2016"]
[Site "Novi Sad SRB"]
[Date "2016.11.08"]
[Round "3.26"]
[Board "6"]
[White "Norgaard, Poul"]
[Black "Dijkstra, Arjan"]
[Result "0-1"]
[WhiteElo "1839"]
[BlackElo "2105"]
[WhiteTeam "Nordea Skanderborg"]
[BlackTeam "JSV SISSA"]
[WhiteFideId "1449885"]
[BlackFideId "1021389"]
[EventDate "2016.11.06"]

1. e4 c6 2. d4 d5 3. e5 Bf5 4. Ne2 e6 5. Ng3 Bg6 6. h4 h6 7. h5 Bh7 8. Bd3 Bxd3
9. cxd3 Qb6 10. Be3 Qxb2 11. Nd2 Bb4 12. O-O Ne7 13. Rb1 Qa3 14. Rb3 Qa5 15. a3
Bxd2 16. Bxd2 Qc7 17. Qg4 Rg8 18. f4 Nd7 19. f5 Nxf5 20. Nxf5 exf5 21. Qxf5 Nf8
22. Bb4 Ne6 23. Bd6 Qd7 24. Qh7 O-O-O 25. Bc5 b6 26. Bxb6 axb6 27. Rxb6 Kc7 28.
Rb4 Ng5 29. Qxg8 Rxg8 30. Rfb1 Qc8 0-1

[Event "32nd ECC Open 2016"]
[Site "Novi Sad SRB"]
[Date "2016.11.08"]
[Round "3.27"]
[Board "1"]
[White "Guxho, Clirim"]
[Black "Noe, Christopher"]
[Result "0-1"]
[BlackTitle "IM"]
[WhiteElo "2101"]
[BlackElo "2422"]
[WhiteTeam "Butrinti"]
[BlackTeam "De Sprenger Echternach"]
[WhiteFideId "4700996"]
[BlackFideId "24692018"]
[EventDate "2016.11.06"]

1. e4 e5 2. d4 exd4 3. Qxd4 Nc6 4. Qe3 d6 5. Nc3 Nf6 6. Bd2 g6 7. O-O-O Bg7 8.
f3 O-O 9. Qf2 Be6 10. Nge2 b5 11. Nf4 b4 12. Ncd5 Nxd5 13. exd5 Qf6 14. c3 bxc3
15. bxc3 Nb4 16. dxe6 Nxa2+ 17. Kc2 Nxc3 18. Re1 Rab8 19. exf7+ Qxf7 20. Ne6
Qf5+ 21. Bd3 Rb2+ 22. Kxb2 Qxd3 23. Nxf8 Na4+ 24. Kc1 Bb2+ 0-1

[Event "32nd ECC Open 2016"]
[Site "Novi Sad SRB"]
[Date "2016.11.08"]
[Round "3.27"]
[Board "2"]
[White "Gnichtel, Gerd"]
[Black "Mihasi, Lime"]
[Result "0-1"]
[WhiteElo "2135"]
[BlackElo "2039"]
[WhiteTeam "De Sprenger Echternach"]
[BlackTeam "Butrinti"]
[WhiteFideId "4637127"]
[BlackFideId "4700252"]
[EventDate "2016.11.06"]

1. d4 Nf6 2. c4 e5 3. dxe5 Ng4 4. Bf4 Nc6 5. Nf3 Bb4+ 6. Nbd2 d6 7. Bg5 f6 8.
exf6 gxf6 9. Bf4 Qe7 10. e3 Nge5 11. Be2 Be6 12. Rc1 O-O-O 13. a3 Bxd2+ 14. Qxd2
h5 15. b4 Nxf3+ 16. Bxf3 Ne5 17. Be2 Rdg8 18. Rg1 Ng6 19. c5 d5 20. c6 bxc6 21.
Rxc6 Nxf4 22. exf4 Bd7 23. Rc5 Re8 24. Rxd5 Bc6 25. Rc5 Rd8 26. Qe3 Qd6 27. Rc2
Rhe8 28. Qc1 Bb5 29. f3 Qd3 30. Qb2 Qe3 31. Rf1 Rd3 32. Rf2 Red8 33. Qc1 Rd1+
34. Qxd1 Rxd1+ 35. Kxd1 Qxf2 36. Bxb5 Qg1+ 37. Kd2 Qxg2+ 38. Be2 Qxh2 39. Ke3
Qg1+ 40. Ke4 Qg6+ 41. f5 Qe8+ 42. Kd3 Qb5+ 43. Ke3 Qe5+ 44. Kf2 a5 45. Ba6+ Kb8
46. Rc5 Qd4+ 47. Kg2 axb4 48. axb4 Qd2+ 49. Kh3 Qf2 50. Rc3 h4 51. f4 Ka7 52.
Bc8 Kb6 53. Kg4 Kb5 54. Rh3 Kxb4 55. Rxh4 Qg2+ 56. Kh5 Kc5 57. Be6 Kd4 58. Kh6
c5 59. Kh7 c4 60. Bxc4 Kxc4 61. Rh6 Qb2 62. Kg7 Qd4 63. Rxf6 Qxf4 64. Rf7 Qg5+
65. Kf8 Kd5 66. Rd7+ Ke5 67. Rf7 Kd6 68. Ke8 Qg8+ 69. Rf8 Qh7 70. Rf6+ Ke5 71.
Rf7 Qg8+ 72. Ke7 Qc8 73. Rf8 Qc7+ 74. Ke8 Qb7 75. Rf7 Qc8+ 76. Ke7 Qc5+ 77. Ke8
Qd6 78. Rf8 Kd5 79. Rf7 Qb8+ 80. Ke7 Ke5 81. Rf8 Qa7+ 82. Ke8 Qa4+ 83. Ke7 Qb4+
84. Ke8 Qb5+ 85. Ke7 Qc5+ 86. Ke8 Qc6+ 87. Ke7 Qc7+ 88. Ke8 Kd5 89. Rf7 Qe5+ 90.
Kd7 Qh8 91. Ke7 Kc6 92. Rf6+ Kc7 93. Re6 Qh7+ 94. Kf6 Kd7 95. Ke5 Qh2+ 96. Kf6
Qh6+ 97. Ke5 Qh2+ 98. Kf6 Qh6+ 99. Ke5 Qh4 100. Kd5 Qf4 101. Re5 Qg4 102. Kc5
Qa4 103. Kd5 Qb4 104. Re6 Qf4 105. Re5 Kd8 106. Ke6 Ke8 107. Kf6+ Kf8 108. Re6
Qd4+ 109. Kg6 Qg4+ 110. Kh6 Qxf5 111. Rg6 Qe5 112. Rg5 Qf4 113. Kg6 Kg8 114. Rf5
Qe3 115. Kf6 Kf8 116. Re5 Qh6+ 117. Kf5 Kf7 118. Ke4 Qh1+ 119. Kd4 Kf6 120. Rd5
Ke6 121. Re5+ Kd6 122. Re3 Qh4+ 123. Re4 Qg3 124. Re3 Qf4+ 125. Kd3 Kd5 126. Ke2
Kd4 127. Rf3 Qh2+ 128. Rf2 Qh5+ 129. Kf1 Ke3 130. Kg1 Qh4 131. Rf1 Ke2 0-1

[Event "32nd ECC Open 2016"]
[Site "Novi Sad SRB"]
[Date "2016.11.08"]
[Round "3.27"]
[Board "3"]
[White "Mejdini, Murat"]
[Black "Drzasga, Michael"]
[Result "1/2-1/2"]
[WhiteElo "1989"]
[BlackElo "2058"]
[WhiteTeam "Butrinti"]
[BlackTeam "De Sprenger Echternach"]
[WhiteFideId "4700244"]
[BlackFideId "4623568"]
[EventDate "2016.11.06"]

1. d4 f5 2. Bf4 Nf6 3. e3 d6 4. Nf3 g6 5. Nbd2 Bg7 6. c3 h6 7. h4 Nbd7 8. Qc2 e6
9. e4 Nh5 10. Bh2 Ndf6 11. e5 Ng4 12. exd6 Nxh2 13. Rxh2 cxd6 14. g4 Nf6 15.
gxf5 gxf5 16. O-O-O Bd7 17. Re1 Qa5 18. Bc4 d5 19. Bb3 O-O-O 20. Ne5 Ng4 21. Rg2
Bxe5 22. dxe5 Qc5 23. Nf3 Kb8 24. Nd4 Qe7 25. Rh1 Rhg8 26. Qe2 h5 27. f3 Nh6 28.
Bd1 Rxg2 29. Qxg2 Rg8 30. Qd2 Qg7 31. f4 Ng4 32. Nf3 Qf8 33. Qd4 Qd8 34. Ng5 Qa5
35. Bb3 Qb5 36. Re1 Rc8 37. Kb1 a5 38. Nf7 Qc5 39. Qxc5 Rxc5 40. Nd6 Kc7 41. Bd1
a4 42. Bxg4 fxg4 43. Kc2 Ra5 44. Kd3 Ra8 45. Ke3 Rg8 46. Rg1 Rf8 47. b4 b5 48.
a3 Kc6 49. Rd1 Kc7 50. Rd4 Kc6 51. Kf2 Kc7 52. Kg3 Kc6 53. Rd2 Be8 1/2-1/2

[Event "32nd ECC Open 2016"]
[Site "Novi Sad SRB"]
[Date "2016.11.08"]
[Round "3.27"]
[Board "4"]
[White "Sparwel, Oliver"]
[Black "Karralliu, Fuat"]
[Result "1/2-1/2"]
[WhiteElo "2026"]
[BlackElo "1931"]
[WhiteTeam "De Sprenger Echternach"]
[BlackTeam "Butrinti"]
[WhiteFideId "4002660"]
[BlackFideId "4702166"]
[EventDate "2016.11.06"]

1. d4 Nf6 2. Nf3 e6 3. c4 d5 4. Nc3 Be7 5. e3 c6 6. b3 O-O 7. Bd3 h6 8. O-O Nbd7
9. Bb2 Qc7 10. Rc1 Bb4 11. a3 Bxc3 12. Bxc3 Re8 13. Bb2 a6 14. Ne5 Nf8 15. b4
N6d7 16. f4 f5 17. Qb3 Nxe5 18. dxe5 Qe7 19. Bd4 Qf7 20. a4 Bd7 21. Bb6 g5 22.
cxd5 exd5 23. fxg5 hxg5 24. Qc2 Rxe5 25. Bd4 Rae8 26. Bxe5 Rxe5 27. Qf2 Ng6 28.
g4 Nh4 29. gxf5 Bxf5 30. e4 Be6 31. Qg3 Qg7 32. Rce1 Ng6 33. exd5 Rxe1 34. Rxe1
Qd4+ 35. Kf1 Qf6+ 36. Qf2 Bh3+ 37. Kg1 Nf4 38. dxc6 Be6 39. Bf1 bxc6 40. h4 Bd5
41. Qg3 Qd4+ 42. Re3 Kf7 43. hxg5 Kg6 44. Bxa6 Qxb4 45. Bd3+ Nxd3 46. Rxd3 Qb1+
47. Kf2 Qc2+ 48. Ke1 Qb1+ 49. Rd1 Qe4+ 50. Kd2 Qb4+ 51. Qc3 Qf4+ 52. Qe3 Qe4 53.
Ke2 Qc4+ 54. Kd2 Qb4+ 55. Qc3 Qf4+ 56. Qe3 1/2-1/2

[Event "32nd ECC Open 2016"]
[Site "Novi Sad SRB"]
[Date "2016.11.08"]
[Round "3.27"]
[Board "5"]
[White "Mihasi, Erald"]
[Black "Wambach, Patrick"]
[Result "1/2-1/2"]
[WhiteElo "1845"]
[BlackElo "1952"]
[WhiteTeam "Butrinti"]
[BlackTeam "De Sprenger Echternach"]
[WhiteFideId "4700902"]
[BlackFideId "4002059"]
[EventDate "2016.11.06"]

1. d4 g6 2. Bf4 Bg7 3. e3 d6 4. Nf3 Nd7 5. Bc4 e5 6. Bg5 Bf6 7. Bxf6 Ngxf6 8.
dxe5 dxe5 9. O-O O-O 10. Qe2 Qe7 11. Nc3 Nb6 12. Bb3 c6 13. Nd2 Be6 14. Nce4
Nxe4 15. Nxe4 Rad8 16. Rfd1 Kg7 17. Ng3 Nd5 18. h3 Nf6 19. Qf3 Rxd1+ 20. Rxd1
Bxb3 21. axb3 Rd8 22. Qe2 Rxd1+ 23. Qxd1 Qd7 24. Qxd7 Nxd7 25. Kf1 f5 26. Ke2 e4
27. Kd2 Kf6 28. Kc3 Ke6 29. b4 b6 30. Kd4 Ne5 31. Ne2 Kd6 32. Nf4 1/2-1/2

[Event "32nd ECC Open 2016"]
[Site "Novi Sad SRB"]
[Date "2016.11.08"]
[Round "3.28"]
[Board "1"]
[White "Hansen, Torbjorn Ringdal"]
[Black "Williams, A. Howard"]
[Result "1/2-1/2"]
[WhiteTitle "GM"]
[BlackTitle "FM"]
[WhiteElo "2448"]
[BlackElo "2323"]
[WhiteTeam "Sjakklubben AV 1911"]
[BlackTeam "Cardigan"]
[WhiteFideId "1501720"]
[BlackFideId "1800043"]
[EventDate "2016.11.06"]

1. e4 Nf6 2. e5 Nd5 3. d4 d6 4. Nf3 c6 5. c4 Nc7 6. Nc3 Bg4 7. h3 Bxf3 8. Qxf3
dxe5 9. dxe5 Nd7 10. Qg3 Ne6 11. Be3 Qc7 12. f4 g5 13. fxg5 Qxe5 14. Qxe5 Nxe5
15. O-O-O h6 16. gxh6 Bxh6 17. Bxh6 Rxh6 18. b3 Rd8 19. Rxd8+ Kxd8 20. h4 f5 21.
g3 f4 22. Ne4 fxg3 23. Nxg3 Nf4 24. Kd2 Ng4 25. h5 Rd6+ 26. Kc3 Re6 27. Kc2 Re3
28. Nf5 Re5 29. Ng3 1/2-1/2

[Event "32nd ECC Open 2016"]
[Site "Novi Sad SRB"]
[Date "2016.11.08"]
[Round "3.28"]
[Board "2"]
[White "Jones, Iolo C"]
[Black "Elsness, Frode"]
[Result "0-1"]
[WhiteTitle "FM"]
[BlackTitle "IM"]
[WhiteElo "2172"]
[BlackElo "2442"]
[WhiteTeam "Cardigan"]
[BlackTeam "Sjakklubben AV 1911"]
[WhiteFideId "1800094"]
[BlackFideId "1501100"]
[EventDate "2016.11.06"]

1. d4 Nf6 2. c4 e6 3. Nf3 d5 4. Nc3 dxc4 5. e3 a6 6. a4 b6 7. Bxc4 Bb7 8. O-O c5
9. Be2 Nbd7 10. Ne1 Bd6 11. Bf3 Qb8 12. Bxb7 Qxb7 13. dxc5 Bxc5 14. Qf3 Qxf3 15.
Nxf3 Ke7 16. Rd1 Rhc8 17. Bd2 Rc7 18. h3 Rac8 19. e4 Bb4 20. e5 Bxc3 21. Bxc3
Nd5 22. Bd4 Nc5 23. Nd2 Nb4 24. Bc3 Nd5 25. Bd4 Rc6 26. g3 R8c7 27. Kf1 Nb4 28.
Bc3 Nd5 29. Bd4 Nb7 30. Ne4 Na5 31. Nc3 Nb4 32. Rab1 Nc2 33. Rd2 Nb3 34. Rxc2
Nxd4 35. Rd2 Nf3 36. Re2 Rc5 37. Kg2 Nxe5 38. Rd1 Rd7 39. Rxd7+ Nxd7 40. Re4 f5
41. Rb4 Kd6 42. g4 h6 43. Rd4+ Kc6 44. Ne2 a5 45. Nc3 e5 46. Rd2 fxg4 47. hxg4
Rc4 48. f3 Rd4 49. Re2 Kc5 50. Rc2 Kb4 51. Ne2 Rd6 52. Nc3 Nc5 53. Re2 Nxa4 54.
Na2+ Kc4 55. Nc1 Nc5 56. Kg3 Nd7 57. Rc2+ Kb4 58. Rc3 a4 59. Nd3+ Ka5 60. Kf2
Rd5 61. Ra3 Kb5 62. Ke2 Nc5 63. Nxc5 Rxc5 64. Re3 Rc2+ 65. Kd1 Rxb2 66. Kc1 Rf2
67. Rxe5+ Kb4 68. Re3 g5 69. Kb1 a3 0-1

[Event "32nd ECC Open 2016"]
[Site "Novi Sad SRB"]
[Date "2016.11.08"]
[Round "3.28"]
[Board "3"]
[White "Risting, Eivind Olav"]
[Black "Heap, Gerry"]
[Result "1-0"]
[WhiteTitle "FM"]
[WhiteElo "2175"]
[BlackElo "2060"]
[WhiteTeam "Sjakklubben AV 1911"]
[BlackTeam "Cardigan"]
[WhiteFideId "1517333"]
[BlackFideId "415650"]
[EventDate "2016.11.06"]

1. d4 Nf6 2. c4 c5 3. d5 b5 4. cxb5 a6 5. f3 d6 6. e4 g6 7. Nc3 Bg7 8. a4 axb5
9. Bxb5+ Nbd7 10. Nge2 O-O 11. O-O Ba6 12. Be3 Ne5 13. Qc2 Qa5 14. Bxa6 Rxa6 15.
Nb5 Qb4 16. Rfc1 Qa5 17. h3 Ned7 18. Kh1 Ne8 19. Ra2 Nc7 20. b4 Qb6 21. bxc5
dxc5 22. Nxc7 Qxc7 23. Bxc5 Nxc5 24. Qxc5 Qe5 25. a5 f5 26. Qc4 Rd6 27. Rd1 e6
28. a6 fxe4 29. fxe4 exd5 30. exd5 Rdf6 31. Ng1 Rf4 32. Qc5 Qh5 33. Rad2 Qg5 34.
a7 Qg3 35. d6 Ra4 36. d7 Be5 37. Nf3 Rxf3 38. d8=Q+ 1-0

[Event "32nd ECC Open 2016"]
[Site "Novi Sad SRB"]
[Date "2016.11.08"]
[Round "3.28"]
[Board "5"]
[White "Kjolberg, Jens Hjorth"]
[Black "Van Kemenade, Julie"]
[Result "1-0"]
[WhiteElo "2145"]
[BlackElo "1703"]
[WhiteTeam "Sjakklubben AV 1911"]
[BlackTeam "Cardigan"]
[WhiteFideId "1508172"]
[BlackFideId "402796"]
[EventDate "2016.11.06"]

1. d4 d6 2. Nf3 Nf6 3. c4 c6 4. Nc3 Qc7 5. e4 e5 6. Be2 h6 7. O-O Nbd7 8. Qc2
Be7 9. Rd1 g5 10. Be3 Rg8 11. b4 Nf8 12. d5 Ng6 13. Ne1 Nf4 14. c5 Bg4 15. dxc6
Nxe2+ 16. Nxe2 bxc6 17. cxd6 Bxd6 18. h3 Bxe2 19. Qxe2 Bxb4 20. Rac1 Ke7 21. Qa6
Rgc8 22. Rb1 Qa5 23. Qb7+ Kf8 24. Qxb4+ Qxb4 25. Rxb4 c5 26. Rc4 Rab8 27. Bxc5+
Kg7 28. Bxa7 Rxc4 29. Bxb8 Rxe4 30. Nd3 1-0

[Event "32nd ECC Open 2016"]
[Site "Novi Sad SRB"]
[Date "2016.11.08"]
[Round "3.28"]
[Board "6"]
[White "Denham, Colin"]
[Black "Berntsen-Oybo, August"]
[Result "0-1"]
[WhiteElo "1653"]
[BlackElo "1974"]
[WhiteTeam "Cardigan"]
[BlackTeam "Sjakklubben AV 1911"]
[WhiteFideId "1802488"]
[BlackFideId "1520555"]
[EventDate "2016.11.06"]

1. e4 c5 2. Nf3 Nc6 3. Nc3 d6 4. d4 cxd4 5. Nxd4 Nf6 6. a4 g6 7. h3 Bg7 8. Nxc6
bxc6 9. Bd3 a5 10. Rb1 O-O 11. O-O Nd7 12. Bd2 Nc5 13. b3 Nxd3 14. cxd3 Ba6 15.
Qc2 e6 16. Ne2 c5 17. Bc3 e5 18. Rfd1 f5 19. f3 f4 20. Be1 g5 21. Rd2 h5 22. Kh1
Rf6 23. Ng1 Bc8 24. Rb2 Be6 25. Qd1 Rg6 26. g4 fxg3 27. Bxg3 g4 28. hxg4 hxg4
29. Rh2 Ra7 30. Bh4 Bf6 31. Bxf6 Qxf6 32. fxg4 Bxg4 33. Qe1 Bf3+ 34. Nxf3 Qxf3+
35. Rbg2 Rag7 36. Qg1 Rxg2 37. Rxg2 Kh8 38. Qf2 Rh7+ 39. Kg1 Qd1+ 40. Qf1 Rh1+
41. Kxh1 Qxf1+ 0-1

[Event "32nd ECC Open 2016"]
[Site "Novi Sad SRB"]
[Date "2016.11.08"]
[Round "3.29"]
[Board "1"]
[White "Moran, Stephen"]
[Black "Napoli, Nicolo"]
[Result "0-1"]
[BlackTitle "FM"]
[WhiteElo "2180"]
[BlackElo "2243"]
[WhiteTeam "Trinity College Dublin"]
[BlackTeam "DLF Steinitz Roma"]
[WhiteFideId "2501872"]
[BlackFideId "813702"]
[EventDate "2016.11.06"]

1. d4 Nf6 2. c4 d6 3. Nc3 e5 4. d5 Be7 5. e4 O-O 6. Be2 c6 7. Nf3 Nbd7 8. O-O
Nc5 9. Qc2 cxd5 10. cxd5 Bg4 11. b4 Ncd7 12. Be3 Bh5 13. h3 Rc8 14. Qb3 a6 15.
a4 a5 16. Rfc1 b6 17. Rab1 Bg6 18. Nd2 0-1

[Event "32nd ECC Open 2016"]
[Site "Novi Sad SRB"]
[Date "2016.11.08"]
[Round "3.29"]
[Board "2"]
[White "Ramondino, Renzo"]
[Black "Menzies, Colin"]
[Result "1-0"]
[WhiteTitle "FM"]
[WhiteElo "2144"]
[BlackElo "2144"]
[WhiteTeam "DLF Steinitz Roma"]
[BlackTeam "Trinity College Dublin"]
[WhiteFideId "810304"]
[BlackFideId "2502755"]
[EventDate "2016.11.06"]

1. d4 Nf6 2. Bg5 Ne4 3. Bf4 d5 4. e3 e6 5. Bd3 Bd6 6. Bxe4 dxe4 7. Nc3 f5 8. f3
Bxf4 9. exf4 Nc6 10. fxe4 Qxd4 11. Qh5+ g6 12. Qe2 O-O 13. Nf3 Qd6 14. e5 Qb4
15. O-O-O Qxf4+ 16. Kb1 b6 17. g3 Qb4 18. h4 Qg4 19. h5 Ba6 20. Qxa6 Qxf3 21.
hxg6 hxg6 22. Qc4 Rae8 23. Rdf1 Na5 24. Qd4 Rd8 25. Qh4 Qh5 26. Qe7 Rfe8 1-0

[Event "32nd ECC Open 2016"]
[Site "Novi Sad SRB"]
[Date "2016.11.08"]
[Round "3.29"]
[Board "3"]
[White "Bourached, Anthony"]
[Black "Ferretti, Folco"]
[Result "0-1"]
[BlackTitle "FM"]
[WhiteElo "1941"]
[BlackElo "2232"]
[WhiteTeam "Trinity College Dublin"]
[BlackTeam "DLF Steinitz Roma"]
[WhiteFideId "2504456"]
[BlackFideId "802328"]
[EventDate "2016.11.06"]

1. d4 d5 2. c4 dxc4 3. e3 Nf6 4. Bxc4 e6 5. Nf3 c5 6. O-O a6 7. a3 b5 8. Bb3 Bb7
9. Qe2 Nbd7 10. Rd1 Qc7 11. e4 cxd4 12. Nxd4 Bd6 13. Bxe6 Bxh2+ 14. Kh1 fxe6 15.
Nxe6 Qe5 16. Nxg7+ Kf8 17. f4 Qxe4 18. Qxe4 Bxe4 19. Nc3 Nc5 20. Nxe4 Nfxe4 21.
Nf5 Nf2+ 22. Kxh2 Nxd1 23. Bd2 Nf2 24. Bc3 0-1

[Event "32nd ECC Open 2016"]
[Site "Novi Sad SRB"]
[Date "2016.11.08"]
[Round "3.29"]
[Board "4"]
[White "Chiaretti, Roberto"]
[Black "Tirziman, Rudolf"]
[Result "0-1"]
[WhiteElo "2279"]
[BlackElo "1991"]
[WhiteTeam "DLF Steinitz Roma"]
[BlackTeam "Trinity College Dublin"]
[WhiteFideId "805149"]
[BlackFideId "2508664"]
[EventDate "2016.11.06"]

1. e4 e6 2. Qe2 c5 3. Nf3 Nc6 4. g3 Be7 5. Bg2 d5 6. d3 Nf6 7. O-O O-O 8. e5 Nd7
9. c4 d4 10. h4 a6 11. Bf4 Qc7 12. Nbd2 b5 13. Ne4 bxc4 14. dxc4 Bb7 15. Nd6
Bxd6 16. exd6 Qc8 17. Bh3 Re8 18. Ng5 Nf6 19. b4 Nxb4 20. Be5 Qc6 21. Kh2 d3 22.
Qd1 h6 23. Bxf6 gxf6 24. a3 Nc2 25. Qxd3 hxg5 26. Qxc2 g4 27. Qd2 Rad8 28. Rad1
Rd7 29. Rg1 gxh3 30. g4 Qe4 31. g5 f5 32. g6 Qxh4 33. Rg3 Bg2 0-1

[Event "32nd ECC Open 2016"]
[Site "Novi Sad SRB"]
[Date "2016.11.08"]
[Round "3.29"]
[Board "5"]
[White "Delaney, Rory"]
[Black "Satta, Vladimiro"]
[Result "1/2-1/2"]
[WhiteElo "1967"]
[BlackElo "2197"]
[WhiteTeam "Trinity College Dublin"]
[BlackTeam "DLF Steinitz Roma"]
[WhiteFideId "2502208"]
[BlackFideId "803006"]
[EventDate "2016.11.06"]

1. c4 e6 2. g3 Nf6 3. Bg2 d5 4. Nf3 Be7 5. O-O O-O 6. b3 c5 7. cxd5 Nxd5 8. d4
Nc6 9. Bb2 Bf6 10. e3 b6 11. Nc3 Nxc3 12. Bxc3 Ba6 13. Re1 Rc8 14. Ne5 Nxe5 15.
dxe5 Be7 16. Qc2 Qc7 17. Red1 Rfd8 18. Rxd8+ Rxd8 19. Rd1 Bb5 20. Bf3 g6 21. h4
Rd7 22. Rxd7 Qxd7 23. Qd1 Qd3 24. Qxd3 Bxd3 25. Bd1 Kf8 26. f4 Ke8 27. Kf2 Kd7
28. Ke1 Be4 29. Kd2 Kc6 30. a4 a6 31. Bc2 b5 32. axb5+ axb5 33. Bb2 Bd8 34. Bc3
Bb6 35. Bb2 Bd5 36. Bd1 Ba5+ 37. Bc3 b4 38. Bb2 c4 39. bxc4 Bxc4 40. Bf3+ Kb5
41. g4 b3+ 42. Kc1 Bd3 43. h5 Kc4 44. Bb7 Kb5 45. Bf3 Bb4 46. hxg6 hxg6 47. Bd1
Kc4 48. Bf3 Be1 49. Bb7 Kb4 50. Bc6 Bb5 51. Bf3 Bc3 52. Bd1 Bc6 53. Be2 Be4 54.
Bd1 Bg2 55. Be2 Be4 56. Bd1 Be1 57. Be2 g5 58. fxg5 Bh4 59. g6 Bxg6 60. Kd2 Be4
61. Bd1 Bg3 62. Kc1 Be1 63. Be2 Bc2 64. Bf3 Kc4 65. Be2+ Bd3 66. Bf3 Ba5 67. Bb7
Bc2 68. Ba6+ Kc5 69. Bd4+ Kc6 70. Bc4 Bb4 71. Kb2 Bd1 72. g5 Bh5 73. Kxb3 Be7
74. Bf1 Bf3 75. Bc4 Bxg5 76. Kb4 Be7+ 77. Kc3 Bd5 78. Be2 Be4 79. Bh5 Bg6 80.
Bf3+ 1/2-1/2

[Event "32nd ECC Open 2016"]
[Site "Novi Sad SRB"]
[Date "2016.11.08"]
[Round "3.29"]
[Board "6"]
[White "Bellincampi, Stefano"]
[Black "Benson, Oisin P."]
[Result "1/2-1/2"]
[WhiteElo "2014"]
[BlackElo "1972"]
[WhiteTeam "DLF Steinitz Roma"]
[BlackTeam "Trinity College Dublin"]
[WhiteFideId "804630"]
[BlackFideId "2501821"]
[EventDate "2016.11.06"]

1. d4 Nf6 2. c4 g6 3. Nc3 Bg7 4. e4 d6 5. h3 O-O 6. Bg5 h6 7. Be3 e5 8. d5 a5 9.
Nf3 Na6 10. g4 Nc5 11. Nd2 c6 12. Be2 cxd5 13. cxd5 Ne8 14. Qc2 f5 15. gxf5 gxf5
16. O-O-O fxe4 17. Ndxe4 Bf5 18. f3 Rc8 19. Kb1 Qh4 20. Bd3 Nxd3 21. Qxd3 Nf6
22. Ka1 a4 23. Qd2 Nxe4 24. Nxe4 a3 25. Rdg1 axb2+ 26. Kxb2 Kh7 27. Ka1 Rc4 28.
Nxd6 Rc2 29. Nxf5 Qa4 30. Rxg7+ Kh8 31. Qxc2 Qxc2 32. Rxb7 Qc3+ 33. Kb1 Qd3+ 34.
Ka1 Qc3+ 35. Kb1 Qd3+ 36. Ka1 Rxf5 37. Rc1 Rf8 38. Bxh6 Ra8 39. Rcc7 Qd4+ 40.
Kb1 Qd3+ 41. Ka1 Qd4+ 42. Kb1 Qd3+ 1/2-1/2

[Event "32nd ECC Open 2016"]
[Site "Novi Sad SRB"]
[Date "2016.11.08"]
[Round "3.30"]
[Board "1"]
[White "Adair, James R"]
[Black "Percin, Onder"]
[Result "1/2-1/2"]
[WhiteTitle "IM"]
[WhiteElo "2488"]
[BlackElo "1972"]
[WhiteTeam "White Rose"]
[BlackTeam "Hatay Metropolitan"]
[WhiteFideId "406252"]
[BlackFideId "6345190"]
[EventDate "2016.11.06"]

1. e4 e5 2. Nf3 Nc6 3. Bc4 Be7 4. O-O d6 5. a4 Na5 6. Ba2 c5 7. c3 Nf6 8. d3 Nc6
9. Na3 O-O 10. Bd2 Kh8 11. Nc4 Rb8 12. b4 Qc7 13. Re1 Be6 14. Rc1 cxb4 15. cxb4
Qd7 16. b5 Nd4 17. Nxd4 exd4 18. e5 Ng4 19. exd6 Bxd6 20. h3 Bxc4 21. dxc4 Ne5
22. c5 Bc7 23. Bf4 f6 24. Bb1 Rbe8 25. Re4 Rd8 26. Qh5 g6 27. Qe2 Qd5 28. Ba2 d3
29. Bxd5 dxe2 30. Rd4 Ba5 31. Bd2 Bxd2 32. Rxd2 Rfe8 33. Re1 Nc4 34. Rdxe2 Rxe2
35. Rxe2 Rxd5 36. Re8+ Kg7 37. Re7+ Kh6 38. Rxb7 Rxc5 39. Rxa7 Re5 40. Kh2 f5
41. h4 Re2 42. Rc7 Na5 43. Ra7 Nb3 44. b6 Rb2 45. Kg3 Nc5 46. a5 Rb5 47. f3 Nb3
48. b7 Nxa5 49. Rxa5 1/2-1/2